Die Leibstandarte
| Titel: | Die Leibstandarte / von Rudolf Lehmann |
|---|---|
| Teil: | 3 |
| Verfasser: | |
| Beteiligt: | |
| Veröffentlicht: | Osnabrück : Munin, 1982 |
| Umfang: | 504 S. : zahlr. Ill. |
| Format: | Buch |
| Sprache: | Deutsch |
| Schriftenreihe/ mehrbändiges Werk: |
Die Leibstandarte / von Rudolf Lehmann ; 3 alle Bände anzeigen
|
| ISBN: | 3921242495 |
| Hinweise zum Inhalt: |
Inhaltsverzeichnis
Cover Register Abstract |
alg: 9045665 001A $00004:20-03-00 001B $01999:21-11-25 $t16:14:10.000 001C $00030:14-03-16 $t08:05:47.000 001D $00004:20-03-00 001U $0utf8 001X $00 002@ $0Afr 003@ $0090456653 003O $0615022967 $aOCoLC 004A $03-921242-49-5 007A $0090456653 $aHEB 007G $0DE0200C5D6A14D61B63FFC1258B7A00342325 009P $qapplication/pdf $A2 $3Inhaltsverzeichnis $uhttp://scans.hebis.de/HEBCGI/show.pl?09045665_toc.pdf $mV:DE-603;B:DE-Mb50 009P $qapplication/pdf $A2 $3Cover $uhttp://scans.hebis.de/HEBCGI/show.pl?09045665_cov.pdf $mV:DE-603;B:DE-Mb50 009P $qapplication/pdf $A2 $3Register $uhttp://scans.hebis.de/HEBCGI/show.pl?09045665_idx.pdf $mV:DE-603;B:DE-Mb50 009P $qapplication/pdf $A2 $3Abstract $uhttp://scans.hebis.de/HEBCGI/show.pl?09045665_sum.pdf $mV:DE-603;B:DE-Mb50 010@ $ager 011@ $a1982 028A $7124729134 $8Lehmann, Rudolf$Z1914-1983 [Tp1] $9111989671 028B/01 $7 $8Tiemann, Ralf [Tnd] $9146576446 033A $pOsnabrück $nMunin 034D $a504 S. 034M $azahlr. Ill. 036C $aDie @Leibstandarte $x13 $hvon Rudolf Lehmann $l3 036D $x13 $8Die @Leibstandarte / von Rudolf Lehmann $9005561140 044K $#Sowjetunion $#UdSSR $#Советский Союз $#UdSSR $#SSSR $#Republik-Republik Kesatuan Soviet Sosialis $#Sojuz Sovetskich Socialističeskich Respublik $#Union der Sozialistischen Sowjet-Republiken $#Union der SSR $#Union of Soviet Socialist Republics $#USSR $#Union des Républiques Socialistes Soviétiques $#URSS $#Russland 1923-1991 $#Russia 1923-1991 $#Padomju Sociālistiko Republiku Savienība $#PSRS $#SSṘM $#ZSSR $#TSRS $#Savez Sovjetskih Socijalističkih Republika $#Soviet Union $#SSHM $#Sojuz Radjans'kich Sozialističnich Respublik $#SRSR $#Şyra Sosjalist Cumhyrijjẹtlẹri Ittifakĭ $#Šura Socialist Gümhurietleri Ittipaky $#Šura Sosyalist Ǧümhuriyetleri Ittifaqï $#SSCB $#Союз Советских Социалистических Республик $#СССР $74077548-3 $8Sowjetunion [Tgz] $9085219754 044K $RUkrainische SSR $#Ukraine $#Ukraine $#Ukraine $#Украïна $#Ukrainische SSR $#Ukrajina $#Ukraina $#Ukraïna Ukraine $#Ukraina Ukraine $#Ukrajna $74061496-7 $8Ukraine [Tg1] $9085170801 044K $RNationalsozialistische Deutsche Arbeiterpartei $RNationalsozialistische Deutsche Arbeiterpartei $#Waffen SS $#Waffenschutzstaffel $#WSS $767738-3 $8Waffen-SS [Tb1] $9040533484 044K $RWaffen-SS $#Waffen-SS, Panzer-Division Leibstandarte Adolf Hitler $#Waffen-SS, Panzer-Division 1 $#Waffen-SS, 1. SS-Panzer-Division „Leibstandarte SS Adolf Hitler“ $74192801-5 $8Waffen-SS$bSS-Panzer-Division „Leibstandarte SS Adolf Hitler“$n1 [Tb1] $9085961760 044K $RWeltkrieg $#World War, 1939-1945 $#Guerre mondiale (1939-1945) $#Weltkrieg 1939-1945 $#2. Weltkrieg $#Weltkrieg 2 $#II. Weltkrieg $#Weltkrieg II $74079167-1 $8Zweiter Weltkrieg [Tsz] $9085224618 044K $RFeldzug $RWeltkrieg $#World War, 1939-1945 Campaigns Russia (Federation) $#Opération Barberousse (1941) $#Guerre mondiale (1939-1945) Campagnes et batailles Russie $#Deutsch-Sowjetischer Krieg 1941-1945 $#Barbarossa Feldzug $#Sowjetisch-Deutscher Krieg 1941-1945 $#Unternehmen Barbarossa $#Fall Barbarossa $#Operation Barbarossa $#Großer Vaterländischer Krieg $#Velikaja Otečestvennaja Vojna $#Ostfeldzug $74076906-9 $8Russlandfeldzug$g1941-1945 [Ts1] $9085217948 044K $RRüstung $#Militari $#Militär $#Militär $#Heerwesen $#Kriegswesen $#Streitkräfte $#Wehrwesen $#Militärwesen $#Armee Militär $74039305-7 $8Militär [Tsz] $9085107107 045F $a355.009470809044 $eDDC23BSB 045F/01 $a355.009 045F/03 $f09044 045F/03 $g4708 045F/03 $g43 045R $aGeschichte 1943-1944 lok: 9045665 24 exp: 9045665 24 1 #EPN 201B/01 $006-08-24 $t12:32:35.000 201C/01 $004-06-24 201U/01 $0utf8 203@/01 $01264546513 208@/01 $a04-06-24 $bz 209A/01 $a24.04180 $du $f050 $h24 04180 $x00 209C/01 $a24.04180 T $h24 04180 T 209G/01 $a74752411 $x00 220C/01 $ajwa/bar 247C/01 $8358050-7Marburg, Bibliothek des Herder-Instituts Marburg $9102600961 lok: 9045665 205 exp: 9045665 205 1 #EPN 201B/01 $009-03-06 $t06:08:26.000 201C/01 $020-03-00 203@/01 $0141839295 208@/01 $a20-03-00 $br 209A/01 $aHd 82/189, 3 $du $f000 $x00 209B/01 $a98 $x05 209G/01 $a22457020 $x00 247C/01 $8351000-1 <4>Marburg, Universität Marburg, Universitätsbibliothek $9102594767 201U/01 $0utf8
| LEADER | 00000cam a22000002cc4500 | ||
|---|---|---|---|
| 001 | 090456653 | ||
| 003 | DE-603 | ||
| 005 | 20251121161410.0 | ||
| 007 | tu | ||
| 008 | 000320s1982 xx |||| | u00||u|ger c | ||
| 020 | |a 3921242495 | ||
| 035 | |a (DE-599)HEB090456653 | ||
| 035 | |a (OCoLC)615022967 | ||
| 040 | |a DE-603 |b ger |c DE-603 |d DE-603 | ||
| 041 | |a ger | ||
| 082 | 0 | 4 | |8 1\u |a 355.009470809044 |q DE-101 |2 23/BSB |
| 085 | |8 1\u |b 355.009 | ||
| 085 | |8 1\u |z 1 |s 09044 | ||
| 085 | |8 1\u |z 2 |s 4708 | ||
| 085 | |8 1\u |z 2 |s 43 | ||
| 100 | 1 | |a Lehmann, Rudolf |d 1914-1983 |0 (DE-603)111989671 |0 (DE-588)124729134 |2 gnd | |
| 245 | 0 | 0 | |a Die Leibstandarte |n 3 |c von Rudolf Lehmann |
| 264 | 1 | |a Osnabrück |b Munin |c 1982 | |
| 300 | |a 504 S. |b zahlr. Ill. | ||
| 610 | 1 | 7 | |a Waffen-SS |2 gnd |0 (DE-588)67738-3 |0 (DE-603)040533484 |
| 610 | 1 | 7 | |a Waffen-SS |b SS-Panzer-Division „Leibstandarte SS Adolf Hitler“ |n 1 |2 gnd |0 (DE-588)4192801-5 |0 (DE-603)085961760 |
| 648 | 7 | |a Geschichte 1943-1944 |2 gnd | |
| 650 | 7 | |a Zweiter Weltkrieg |0 (DE-588)4079167-1 |0 (DE-603)085224618 |2 gnd | |
| 650 | 7 | |a Russlandfeldzug |g 1941-1945 |0 (DE-588)4076906-9 |0 (DE-603)085217948 |2 gnd | |
| 650 | 7 | |a Militär |0 (DE-588)4039305-7 |0 (DE-603)085107107 |2 gnd | |
| 651 | 7 | |a Sowjetunion |0 (DE-588)4077548-3 |0 (DE-603)085219754 |2 gnd | |
| 651 | 7 | |a Ukraine |0 (DE-588)4061496-7 |0 (DE-603)085170801 |2 gnd | |
| 700 | 1 | |a Tiemann, Ralf |0 (DE-603)146576446 | |
| 773 | 0 | 8 | |q 13 |w (DE-603)005561140 |
| 856 | 4 | 2 | |m V:DE-603;B:DE-Mb50 |q application/pdf |u http://scans.hebis.de/HEBCGI/show.pl?09045665_toc.pdf |3 Inhaltsverzeichnis |
| 856 | 4 | 2 | |m V:DE-603;B:DE-Mb50 |q application/pdf |u http://scans.hebis.de/HEBCGI/show.pl?09045665_cov.pdf |3 Cover |
| 856 | 4 | 2 | |m V:DE-603;B:DE-Mb50 |q application/pdf |u http://scans.hebis.de/HEBCGI/show.pl?09045665_idx.pdf |3 Register |
| 856 | 4 | 2 | |m V:DE-603;B:DE-Mb50 |q application/pdf |u http://scans.hebis.de/HEBCGI/show.pl?09045665_sum.pdf |3 Abstract |
| 924 | 0 | |9 Mb 50 |a (DE-603)1264546513 |b DE-Mb50 |c HES |d c |g 24.04180 | |
| 924 | 0 | |9 4 |a (DE-603)141839295 |b DE-4 |c HES |d c |g Hd 82/189, 3 | |
alle Bände anzeigen

